Chế độ giám sát trong nền đệ nhị cộng hòa Việt Nam

Saved in:
Bibliographic Details
Main Author: Phan Tư Giản
Format: Book
Language:Undetermined
Subjects:
Tags: Add Tag
No Tags, Be the first to tag this record!
Institutions: Trung tâm Học liệu Trường Đại học Cần Thơ
LEADER 00447nam a2200121Ia 4500
001 CTU_26326
008 210402s9999 xx 000 0 und d
100 |a Phan Tư Giản 
245 0 |a Chế độ giám sát trong nền đệ nhị cộng hòa Việt Nam 
245 0 |c Phan Tư Giản 
650 |a constitutional law,democracy 
904 |i Nguyễn Quang Điền, 981013 
980 |a Trung tâm Học liệu Trường Đại học Cần Thơ